000 003110000a22001090004500
100 1 _aShubin, Russell G.
245 1 0 _aThat the natives might lift Jesus up
300 _aVol.22, núm.4 (September, 2000), Páginas 8-11
520 _aA conversation with Richard Twiss
773 0 _tMission Frontiers
942 _cANA
999 _c60374
_d60374